Every Lil Durk Song on the Billboard Hot 100 - Statistics

General Stats
  • This quiz has been taken 54 times
    28 since last reset
  • The average score is 7 of 23
Answer Stats
# Year Song % Correct
2 2020 Laugh Now Cry Later (Drake)
73%
62 2020 The Voice
55%
43 2020 3 Headed Goat ft. Lil Baby & Polo G
50%
53 2021 Still Trappin'
50%
13 2021 Back In Blood (Pooh Shiesty)
41%
76 2020 No Auto (Lil Uzi Vert)
36%
62 2021 Backdoor
32%
93 2021 Death Ain't Easy
32%
39 2021 Finesse Out The Gang Way ft. Lil Baby
27%
71 2021 Redman
27%
86 2021 Refugee
27%
77 2020 All These Niggas (King Von)
23%
81 2020 Crazy Story 2.0 (King Von)
23%
91 2021 Kanye Krazy
23%
53 2021 Should've Ducked ft. Pooh Shiesty
23%
73 2021 Stay Down (6LACK & Young Thug)
23%
91 2020 Viral Moment
23%
26 2021 No More Parties (Coi Leray)
18%
54 2018 Off White VLONE (Lil Baby & Gunna) ft. NAV
14%
80 2021 Free Promo (Moneybagg Yo) ft. Polo G
9%
69 2021 Helicats & Trackhawks
9%
86 2020 Pain Away (Meek Mill)
9%
90 2020 When You Down (Lil Tecca & Polo G)
5%
No matching quizzes found
Score Distribution
Percent of People with Each Score
Percentile by Number Answered
Your Score History
You have not taken this quiz since the last reset